Logistika a obaly se vzájemně ovlivňují
Spotrebiteľské balenie piva do PET fliaš. Stáčanie piva do plastových sudov (kegov). Hliníkové fľaše pre nápoje. Nafukovacie vaky pre kontejnerové zásielky. Alkoholické nápoje v PET fľašiach. Preprava na europaletách. Obalový veľtrh v Nemecku - Interpack a Fachpack.
Salvato in:
| Autore principale: | |
|---|---|
| Natura: | Capitolo di libro |
| Lingua: | ceco |
| Soggetti: | |
| Tags: |
Nessun Tag, puoi essere il primo ad aggiungerne!!
|
MARC
| LEADER | 00000naa a2200000 4500 | ||
|---|---|---|---|
| 001 | 0128471 | ||
| 005 | 20231129095754.1 | ||
| 041 | 0 | |a cze | |
| 044 | |a CZ | ||
| 245 | 1 | 0 | |a Logistika a obaly se vzájemně ovlivňují |c Vlado Volek |
| 520 | |a Spotrebiteľské balenie piva do PET fliaš. Stáčanie piva do plastových sudov (kegov). Hliníkové fľaše pre nápoje. Nafukovacie vaky pre kontejnerové zásielky. Alkoholické nápoje v PET fľašiach. Preprava na europaletách. Obalový veľtrh v Nemecku - Interpack a Fachpack. | ||
| 610 | 2 | 0 | |a obaly |
| 610 | 2 | 0 | |a balenie |
| 610 | 2 | 0 | |a nápoje alkoholické |
| 610 | 2 | 0 | |a nápoje nealkoholické |
| 610 | 2 | 0 | |a pivo |
| 610 | 2 | 0 | |a plasty |
| 610 | 2 | 0 | |a preprava |
| 610 | 2 | 0 | |a logistika |
| 610 | 2 | 0 | |a veľtrhy |
| 100 | 1 | |a Volek, Vlado | |